Representación que el Ilustrísimo Señor Obispo de Segovia ha hecho al Augusto Congreso de las Cortes, pidiendo el restablecimiento del Santo Tribunal de la Inquisición / (Record no. 153945)
[ view plain ]
| 000 -LEADER | |
|---|---|
| campo de control de longitud fija | 01368nam a2200301 i 4500 |
| 001 - NÚMERO DE CONTROL | |
| campo de control | 153945 |
| 003 - IDENTIFICADOR DE NÚMERO DE CONTROL | |
| campo de control | ES-MaACL |
| 005 - FECHA Y HORA DE LA ÚLTIMA TRANSACCIÓN | |
| campo de control | 20250827063225.0 |
| 008 - DATOS DE LONGITUD FIJA--INFORMACIÓN GENERAL | |
| campo de control de longitud fija | 931025e1812 sp |r 00| 0 spa |
| 040 ## - FUENTE DE CATALOGACIÓN | |
| Centro/agencia transcriptor | ES-MaACL |
| 080 ## - NÚMERO DE LA CLASIFICACIÓN DECIMAL UNIVERSAL | |
| Número de la Clasificación Decimal Universal | 272-745.4-87(460)"18" |
| 080 ## - NÚMERO DE LA CLASIFICACIÓN DECIMAL UNIVERSAL | |
| Número de la Clasificación Decimal Universal | 27(460)"18" |
| 100 1# - ENTRADA PRINCIPAL--NOMBRE DE PERSONA | |
| Nombre de persona | Sáenz de Santa María, José, |
| Fechas asociadas al nombre | 1726-1813 |
| Término indicativo de función/relación | Autor |
| 9 (RLIN) | 147084 |
| 245 10 - MENCIÓN DEL TÍTULO | |
| Título | Representación que el Ilustrísimo Señor Obispo de Segovia ha hecho al Augusto Congreso de las Cortes, pidiendo el restablecimiento del Santo Tribunal de la Inquisición / |
| Mención de responsabilidad, etc. | dala a luz Un Español, amante de la Religión |
| 260 ## - PUBLICACIÓN, DISTRIBUCIÓN, ETC. | |
| Lugar de publicación, distribución, etc. | Cádiz : |
| Nombre del editor, distribuidor, etc. | [s.n.], |
| Fecha de publicación, distribución, etc. | 1812 |
| Fabricante | (Imp. Tormentaria) |
| 300 ## - DESCRIPCIÓN FÍSICA | |
| Extensión | 12 páginas ; |
| Dimensiones | 20 cm |
| 530 ## - NOTA DISPONIBLE DE FORMULARIO FÍSICO ADICIONAL | |
| Nota de formato físico adicional disponible | Disponible en formato digital |
| 594 ## - NOTA AL TITULO Y MENCION DE RESPONSABILIDAD | |
| Nota | Al final del texto consta: Cádiz 16 de junio de 1812. José, Obispo de Segovia |
| 610 24 - PUNTO DE ACCESO ADICIONAL DE MATERIA--NOMBRE DE ENTIDAD CORPORATIVA | |
| Nombre de entidad corporativa o nombre de jurisdicción como elemento de entrada | Consejo de Inquisición (España) |
| 9 (RLIN) | 242091 |
| 650 #4 - PUNTO DE ACCESO ADICIONAL DE MATERIA--TÉRMINO DE MATERIA | |
| Término de materia o nombre geográfico como elemento de entrada | Inquisición- |
| Subdivisión geográfica | España- |
| Subdivisión cronológica | S.XIX |
| 9 (RLIN) | 13800 |
| 710 2# - ENTRADA AGREGADA--NOMBRE DE ENTIDAD CORPORATIVA | |
| Nombre de entidad corporativa o nombre de jurisdicción como elemento de entrada | Imprenta Tormentaria |
| Término indicativo de función/relación | Impresor |
| 9 (RLIN) | 242090 |
| 752 ## - ENTRADA AGREGADA--NOMBRE JERÁRQUICO DEL LUGAR | |
| País o entidad superior | España - |
| Ciudad | Cádiz |
| 852 4# - LOCALIZACIÓN | |
| Ubicación | ES-MaACL |
| Ubicación en estantería | Depósito |
| Signatura antigua | Olim:D-621 |
| Marcas de propiedad | Sello de la Biblioteca de Salvador J. Trillo |
| Número de control de estantería | R-3098(8) |
| Encuadernación | Holandesa |
| 856 4# - LOCALIZACIÓN Y ACCESO ELECTRÓNICOS | |
| Identificador Uniforme de Recursos | <a href="https://bdh-rd.bne.es/viewer.vm?id=0000079730&page=1">https://bdh-rd.bne.es/viewer.vm?id=0000079730&page=1</a> |
| Texto de enlace | Versión en línea |
| Nota pública | (Biblioteca Digital Hispánica) |
| 942 ## - ELEMENTOS DE ENTRADA SECUNDARIOS (KOHA) | |
| Tipo de ítem Koha | Libro impreso antiguo |
| Suprimir en OPAC | No |
| Estatus retirado | Estado de pérdida | Estado de daño | No para préstamo | Colección | Biblioteca de origen | Biblioteca actual | Ubicación en estantería | Fecha de adquisición | Total de préstamos | Signatura topográfica completa | Código de barras | Visto por última vez | Precio de reemplazo | Tipo de ítem Koha |
|---|---|---|---|---|---|---|---|---|---|---|---|---|---|---|
| Colección digital | Biblioteca del Ateneo de Madrid | Biblioteca del Ateneo de Madrid | Depósito | 17/01/2008 | R-3098(8) | 1160955 | 23/02/2023 | 23/02/2023 | Libro impreso antiguo |
